000 00455nam a2200181Ia 4500
008 180207s9999 xx 000 0 und d
020 _a9780007465422
050 _bM153 2013
100 _aMcKay, Hilary.
245 _aGreat expectations /
245 _cHilary McKay and Stefano Tambellini.
260 _aLondon :
260 _bCollins,
260 _c2013
300 _a47 pages :
300 _bcolor illustration ;
440 _aCollins big cat.
999 _c355205
_d355205